| 000 | 00486ntaaa2200181 4500 | ||
|---|---|---|---|
| 003 | 01 | ||
| 005 | 20251027202404.0 | ||
| 008 | 0714s1973 ag 01 | ||
| 040 |
_aAR-BaBN _bspa _cAR-BaBN _eaacr _dRIC |
||
| 082 | _a282.9800 P27 | ||
| 100 |
_aPattee, Richard _922611 |
||
| 245 | _aEl catolicismo contemporáneo en Hispanoamérica | ||
| 250 | _a1 ed. | ||
| 260 |
_aBuenos Aires : _bEditorial Fides, _cc1951 |
||
| 300 | _a481 p | ||
| 650 |
_aAmérica Latina-catolicismo _91406 |
||
| 942 | _cBK | ||
| 999 |
_c18793 _d18793 |
||